MARC

LEADER 00000nam0a2200000 4500
001 16096
005 20231101205048.0
010 |a 5239005680 
035 |a (RuTPU)RU\TPU\book\16218 
035 |a BOOK00016287 
090 |a 16096 
100 |a 20011209d1989 km y0rusy50 ca 
101 0 |a rus 
102 |a RU 
105 |a y z 000zb 
200 1 |a Три жизни Карамзина  |e Роман-исследование  |f Е. И. Осетров 
210 |a Москва  |c Московский рабочий  |d 1989 
215 |a 286 с. 
600 1 |a Карамзин  |g Николай Михайлович  |b Н. М.  |c российский историк  |c писатель  |f 1766 - 1826  |c критик  |2 stltpui  |3 (RuTPU)RU\TPU\pers\35 
606 1 |a Историография в России  |2 stltpush  |3 (RuTPU)RU\TPU\subj\53391  |9 71660 
610 1 |a история 
610 1 |a Россия 
610 1 |a русские историки 
610 1 |a 19 век 
686 |a Т1(2)  |v LBC/SL-A  |2 rubbk 
700 1 |a Осетров  |b Е. И.  |g Евгений Иванович 
801 0 |a RU  |b 63413507  |c 20011209  |g PSBO 
801 2 |a RU  |b 63413507  |c 20221003  |g PSBO 
942 |c BK